Gemeinden Landkreis Aichach-Friedberg - Statistiken

Allgemein
  • Dieses Quiz wurde 70 mal gespielt
  • Das Durchschnittsergebnis liegt bei 8 aus 24
Antwortstatistiken
Einwohner Gemeindeart Gemeindename % Korrekt
21.470 Stadtgemeinde, Kreisstadt Aichach
100%
29.979 Stadtgemeinde Friedberg
95%
6.853 Marktgemeinde Pöttmes
51%
11.621 Gemeinde Kissing
49%
14.852 Marktgemeinde Mering
46%
3.218 Gemeinde Merching
39%
5.812 Gemeinde Dasing
37%
5.498 Gemeinde Affing
34%
4.485 Marktgemeinde Aindling
34%
2.581 Gemeinde Rehling
34%
1.963 Gemeinde Obergriesbach
32%
3.131 Gemeinde Ried
29%
4.326 Marktgemeinde Kühbach
27%
1.732 Gemeinde Sielenbach
27%
1.726 Gemeinde Adelzhausen
22%
1.743 Gemeinde Eurasburg
22%
2.401 Gemeinde Hollenbach
22%
2.647 Marktgemeinde Inchenhofen
22%
1.188 Gemeinde Baar (Schwaben)
20%
1.694 Gemeinde Petersdorf
20%
1.966 Gemeinde Schiltberg
17%
976 Gemeinde Steindorf
12%
1.373 Gemeinde Schmiechen
10%
1.420 Gemeinde Todtenweis
10%
Keine übereinstimmenden Quizze gefunden
Verteilung der Resultate
Anzahl Personen mit jedem Resultat
Perzentil nach korrekt beantworteten Fragen
Ihre Resultats-Entwicklung
Sie haben dieses Quiz noch nicht gespielt